First 100 machines bright baby / (Record no. 100910)

MARC details
000 -LEADER
fixed length control field 00556nam a22001697a 4500
010 ## - LCCN (DPL NO)
LC control number 1617CH-EN
020 ## - INTERNATIONAL STANDARD BOOK NUMBER
International Standard Book Number 9780312498061
Terms of availability 499.00
035 ## - SYSTEM CONTROL NUMBER
System control number B-647176-180
037 ## - SOURCE OF ACQUISITION
Stock number DPL
Source of stock number/acquisition Techniz/Ven.
082 ## - DEWEY DECIMAL CLASSIFICATION NUMBER
Classification number S
245 ## - TITLE STATEMENT
Title First 100 machines bright baby /
260 ## - PUBLICATION, DISTRIBUTION, ETC. (IMPRINT)
Name of publisher, distributor, etc Macmillan
Date of publication, distribution, etc 2015
Place of publication, distribution, etc London
270 ## - ADDRESS
Address 20 New Wharf Road,
City London
Postal code NI 9RR
300 ## - PHYSICAL DESCRIPTION
Extent 12p.
Dimensions 27cm(Hb)
942 ## - ADDED ENTRY ELEMENTS (KOHA)
Source of classification or shelving scheme Dewey Decimal Classification
Item type Children Books
Call number suffix FIR
Classification part S
Holdings
Withdrawn status Lost status Not for loan Collection code Home library Current library Date acquired Source of acquisition Cost, normal purchase price Full call number Barcode Copy number Cost, replacement price Koha item type
      Fiction Central Library Central Library 23/12/2016 TBI/235/26.08.16/TZ-16464/04.11.16/04.11.16 499.00 S FIR B-647176 1 499.00 Children Books
      Fiction Karol Bagh Karol Bagh 23/12/2016 TBI/235/26.08.16/TZ-16464/04.11.16/04.11.16 499.00 S FIR B-647179 1 499.00 Children Books
      Fiction Patel Nagar Patel Nagar 23/12/2016 TBI/235/26.08.16/TZ-16464/04.11.16/04.11.16 499.00 S FIR B-647177 1 499.00 Children Books
  Lost and Paid For   Fiction Sarojini Nagar Sarojini Nagar 23/12/2016 TBI/235/26.08.16/TZ-16464/04.11.16/04.11.16 499.00 S FIR B-647178 1 499.00 Children Books
      Fiction Shahdara Branch Shahdara Branch 23/12/2016 TBI/235/26.08.16/TZ-16464/04.11.16/04.11.16 499.00 S FIR B-647180 1 499.00 Children Books

© Delhi Public Library
Hit Counter
free hit counter